Stochastic interacting systems : contact,vote, and exclusion processes

Αποθηκεύτηκε σε:
Λεπτομέρειες βιβλιογραφικής εγγραφής
Κύριος συγγραφέας: Liggett, Thomas M. (Thomas Milton) 1944-
Μορφή: Βιβλίο
Γλώσσα:English
Δημοσίευση: Berlin ; New York : Sringer, c1999
Σειρά:Grundlehren der mathematischen wissenschaften ; ; 324
Θέματα:
Ετικέτες: Προσθήκη ετικέτας
Δεν υπάρχουν, Καταχωρήστε ετικέτα πρώτοι!

MARC

LEADER 00000nam a2200000 i 4500
001 1/34535
008 030313s1999 eng d
020 |a 3-540-65995-1 
035 |l 10069712 
040 |a GR-MY-UA  |b gre  |e aacr 
041 0 |a eng 
082 0 |a 519.2 
100 1 |a Liggett, Thomas M.  |q (Thomas Milton)  |d 1944- 
245 1 0 |a Stochastic interacting systems :  |b contact,vote, and exclusion processes /  |c Thomas M. Liggett 
260 |a Berlin ; New York :   |b Sringer,   |c c1999 
300 |a xii, 332 p.;  |b ill.;  |c 24 cm. 
490 1 |a Grundlehren der mathematischen Wissenschaften  |v ; 324 
504 |a Includes bibliographical references and index 
650 0 0 |a Stochastic processes. 
830 0 |a Grundlehren der mathematischen wissenschaften ;  |v ; 324 
852 |a INST  |b SAMOS  |e 20030313  |h 519.2 LIG  |p 005300024192  |q 005300024192  |t BK  |y 0 
901 |a BIBL3-2003-1 
909 |a Σ  |b 104229 
922 |a 3ΕΛΗ  |b 200210  |c ΤΣΑΕ  |d LEADER 
950 |a 184-2002-10-17 
970 |a ΚΟΣΙΕΡΗΣ  |b ΧΡΗΣΤΟΣ  |z 2003/03/14